Państwa w języku czeskim - Statystyki

Ogólne statystyki
  • Ten quiz został rozwiązany 217 razy
  • Średni wynik to 15 z 24
Statystyki odpowiedzi
czeski polski % Poprawnych
Bolívie Boliwia
98%
Čad Czad
97%
Česko Czechy
96%
Írán Iran
96%
Kypr Cypr
94%
Polsko Polska
93%
Jižní Korea Korea Południowa
89%
Bulharsko Bułgaria
83%
Černá Hora Czarnogóra
82%
Jihoafrická republika Republika Południowej Afryki
80%
Čína Chiny
71%
Seychely Seszele
68%
Svatá Lucie Saint Lucia
64%
Marshallovy ostrovy Wyspy Marshalla
63%
Alžírsko Algieria
55%
Maďarsko Węgry
55%
Irsko Irlandia
44%
Spojené království Wielka Brytania
35%
Pobřeží slonoviny Wybrzeże Kości Słoniowej
33%
Kapverdy Republika Zielonego Przylądka
26%
Svazijsko Eswatini
23%
Rakousko Austria
20%
Nizozemsko Holandia
18%
Řecko Grecja
10%
Nie znaleziono quizów pasujących do podanych kryteriów
Rozkład punktacji
Procent ludzi z każdym wynikiem
Percentyl według liczby udzielonych odpowiedzi
Twoja historia wyników
Nie rozwiązałeś tego quizu